000 00721cab a2200241 4500
001 WB3448-46
008 090401t1998 xxu||||| |||| 00| 0 eng d
035 _a(Sirsi) u90352
041 _aeng
245 _aRegional performance
260 _c1998
350 _a0
490 _aFarmers' Weekly
_v129(24) 11 December 1998, 65(1)
520 _aThe latest Valuation office "Property Market Report" indicates that agricultural land values are starting to decline in some areas. Table.
650 _aAGRICULTURAL LAND VALUES
650 _aFARM BUSINESS TENANCIES
650 _aFARMLAND
650 _aLAND VALUES
650 _aVACANT POSSESSION
690 _aRURAL PRACTICE
942 _n0
948 _c16/12/1998
999 _c57281
_d57281